00397 2200169 4500245003300000020002200033250001100055100001200066700001400078650001800092005001900110260004100129041001400170084001100184300002300195336000900218 aLet's Move UpcAdenatahText a978-602-1614-17-4 aCet. 1 aAdenata aAyu Wulan aMotivasi Diri a20230331111538 aSurakartabIndiva Media Kreasic2014 aIndonesia a155.25 a144 hlm. :c19 cm. atext